| 000 | 00621nam a22001817a 4500 | ||
|---|---|---|---|
| 999 |
_c6994 _d6994 |
||
| 003 | AR-CdUCM | ||
| 008 | 190319b ||||| |||| 00| 0 spa d | ||
| 040 |
_aMUNICIPALIDAD PROVINCIAL DEL CUSCO _cBIBLIOTECA MUNICIPAL DEL CUSCO |
||
| 082 |
_25ed. _a631.523 / _bC29 |
||
| 100 |
_aCarnevale, Juan A. _919713 |
||
| 245 | _aLos injertos / | ||
| 260 |
_aBuenos Aires : _bBell, _c1958. |
||
| 300 |
_a206 páginas ; _bIlustraciones, _c19 cm. |
||
| 505 | _aDefinición y ventajas del injerto -- Tipos de injertos -- Especies y sus porta injertos ... | ||
| 650 |
_aHibridación vegetal _919714 |
||
| 942 |
_2ddc _cLIBROS |
||
| 945 | _aacv | ||